A Csíki Sör magyarországi piacának vizsgálata

Bibliográfiai részletek
Szerző: Üveges-Rusz Szidónia
További közreműködők: Kopcsay Dr. László
Dokumentumtípus: Diplomadolgozat
Kulcsszavak:Piacanalízis
Piacelemzés
Csíki Sör
Söripar
Magyarország
Online Access:http://dolgozattar.uni-bge.hu/16345

MARC

LEADER 00000nta a2200000 i 4500
001 dolg16345
005 20200320140600.0
008 180514suuuu hu om 000 hun d
040 |a BGE Dolgozattár Repozitórium  |b hun 
041 |a hu 
100 1 |a Üveges-Rusz Szidónia 
245 1 2 |a A Csíki Sör magyarországi piacának vizsgálata  |c Üveges-Rusz Szidónia  |h [elektronikus dokumentum] 
246 1 1 |a A Csíki Sör magyarországi piacának vizsgálata 
695 |a Piacanalízis 
695 |a Piacelemzés 
695 |a Csíki Sör 
695 |a Söripar 
695 |a Magyarország 
700 1 |a Kopcsay Dr. László  |e ths 
856 4 0 |u http://dolgozattar.uni-bge.hu/16345/1/%C3%9CVEGES_RUSZ_SZID%C3%93NIA_2018.pdf  |z Dokumentum-elérés